| 000 | 00850nam a22002057a 4500 | ||
|---|---|---|---|
| 003 | 0 | ||
| 005 | 20250213144114.0 | ||
| 008 | 250213b xxu||||| |||| 00| 0 eng d | ||
| 050 |
_aQA 76.73 _b.N34 2023 |
||
| 100 | _aNagrapa, Mark Joseph C. | ||
| 245 |
_aOnline bookstore with an integrated recommender system. _cMark Joseph C. Nagrampa |
||
| 260 |
_aLas Pinas City _bSouthville International School and Colleges _c2023 |
||
| 300 |
_axiv, 187 pages: _bcolored pictures and illustration; _c28cm. |
||
| 500 | _aBachelor of Science in Information Technology. | ||
| 504 | _aIncludes bibliographical references and appendices. | ||
| 650 | _aOnline Bookstores—E-Commerce Platforms. | ||
| 650 | _aRecommender systems—Machine learning -- Online retail. | ||
| 650 | _aArtificial Intelligence—Recommendation models -- Book sales. | ||
| 942 |
_2lcc _cTH |
||
| 999 |
_c367205 _d367205 |
||